000 00697nam a2200205Ii 4500
003 JO-AjNU
008 230605s9999||||xx |||||||||||||| ||und||
040 _aJO-AjNU
_bara
_erda
_cJO-AjNU
041 _aara
050 1 4 _aBF433.N8.F8.1958
100 3 _aالسيد،فؤاد البهي,
_eauthor
_914521
245 0 0 _aالقدرات العقلية الاولية والذكاء :القدرة العددية
250 _aط1
264 3 1 _aد.م:دار الفكر العربي ، 1958
300 _a176ص
336 _atext
_btxt
_2rdacontent
337 _aunmediated
_bn
_2rdamedia
338 _avolume
_bnc
_2rdacarrier
650 4 _aالقدرات-الذكاءالقدرة العددية
_914522
999 _aA3892
_c7460
_d7460